Desarrollo de un sistema web movil para la valoracion de riesgos de caries dental para la facultad de odontologia de la corporacion universitaria rafael nuñez. / (Registro nro. 4782)
[ vista simple ]
| 000 -LEADER | |
|---|---|
| fixed length control field | 01799nam a2200265 a 4500 |
| 001 - CONTROL NUMBER | |
| control field | 0000031556 |
| 003 - CONTROL NUMBER IDENTIFIER | |
| control field | CO-CtgCURN |
| 005 - DATE AND TIME OF LATEST TRANSACTION | |
| control field | 20250329165448.0 |
| 008 - FIXED-LENGTH DATA ELEMENTS--GENERAL INFORMATION | |
| fixed length control field | 161103s2016 000 0 eng d |
| 040 ## - CATALOGING SOURCE | |
| Original cataloging agency | CO-CtgCURN |
| Language of cataloging | spa |
| Transcribing agency | coctgcurn |
| 082 0# - DEWEY DECIMAL CLASSIFICATION NUMBER | |
| Classification number | INS 2016 |
| Item number | B194 |
| 100 1# - MAIN ENTRY--PERSONAL NAME | |
| Personal name | Balmaceda Prins, Isaias Javier. |
| 245 10 - TITLE STATEMENT | |
| Title | Desarrollo de un sistema web movil para la valoracion de riesgos de caries dental para la facultad de odontologia de la corporacion universitaria rafael nuñez. / |
| Statement of responsibility, etc. | Asesor Meriño Díaz, Juan Pedro, Bonfante, María Claudia ,. |
| 260 ## - PUBLICATION, DISTRIBUTION, ETC. | |
| Place of publication, distribution, etc. | Cartagena de Indias, D.T. : |
| Name of publisher, distributor, etc. | Corporación Universitaria "Rafael Nuñez", |
| Date of publication, distribution, etc. | 2016. |
| 300 ## - PHYSICAL DESCRIPTION | |
| Extent | 1 CD-Rom. |
| 336 ## - CONTENT TYPE | |
| Source | rdacontent |
| 337 ## - MEDIA TYPE | |
| Source | rdamedia |
| Media type term | sin mediacion |
| Media type code | n |
| 338 ## - CARRIER TYPE | |
| Source | rdacarrier |
| Carrier type term | volumen |
| Carrier type code | nc |
| 502 ## - DISSERTATION NOTE | |
| Dissertation note | Trabajo de grado (Ingeniero de Sistemas). Corporación Universitaria "Rafael Nuñez" Facultad de Ingenierias. Programa de Ingenieria de Sistemas, 2016. |
| 520 ## - SUMMARY, ETC. | |
| Summary, etc. | Se observa actualmente la falta de un sistema de información en la facultad de odontologia, demostrando la ineficacia de los procesos para la gestión de la información de cada valoracion e historia clinica generada por paciente; dichas valoraciones, se vienen trabajando en forma manual, originando procesos lentos, perdida de la información y la dificultad para generar reportes. Estos procesos manuales generan muchos ficheros, generando gastos de papelerias. |
| 650 #0 - SUBJECT ADDED ENTRY--TOPICAL TERM | |
| Topical term or geographic name entry element | Ingenieria de Sistemas |
| General subdivision | Tesis y Disertaciones academicas. |
| 856 ## - ELECTRONIC LOCATION AND ACCESS | |
| Uniform Resource Identifier | <a href="https://unicurn.sharepoint.com/:b:/s/biblioteca/EaNPa03pqhxElQmGJYBH-HMB4buB6vQ-QMo6UKYxMeCWKA?e=Xjk3Nv">https://unicurn.sharepoint.com/:b:/s/biblioteca/EaNPa03pqhxElQmGJYBH-HMB4buB6vQ-QMo6UKYxMeCWKA?e=Xjk3Nv</a> |
| Public note | Click aqui para ver el recurso en texto completo |
| 942 ## - ADDED ENTRY ELEMENTS (KOHA) | |
| Classification part | INS 2016 |
| Item part | B194 |
| Source of classification or shelving scheme | Dewey Decimal Classification |
| Koha item type | Trabajos de grado |
| Withdrawn status | Lost status | Damaged status | Not for loan | Collection | Home library | Current library | Shelving location | Date acquired | Cost, normal purchase price | Inventory number | Total checkouts | Full call number | Barcode | Date last seen | Price effective from | Koha item type |
|---|---|---|---|---|---|---|---|---|---|---|---|---|---|---|---|---|
| Trabajos de grado | Miguel Henríquez Castañeda | Miguel Henríquez Castañeda | Trabajo de grado | 09/23/2018 | 35000.00 | 021388 | INS 2016 B194 | 021388 | 03/29/2025 | 03/29/2025 | Trabajos de grado |